1953 1886 1442 1845 1748 1530 1350 1236 1224 1187 1811 1525 1883 1013 1579 1358 1315 1339 1588 1922 1948 1184 1238 1765 1051 1095 1815 1766 1754 1607 1129 1864 1209 1202 1387 1132 1575 1631 1737 1276 1347 1650 1992 1860 1196 1078 1432 1770 1145 1437 1095 1866 1887 1483 1891 1412 1131 1400 1479 1869 1726 2000 1889 1798 1742 1565 1805 1507 1927 1315 1751 1055 1790 1004 1714 1943 1820 1597 1712 1742 1629 1291 1738 1126 1790 1480 1168 1422 1991 1226 1300 1144 1111 1829 1135 1278 1878 1198 1368 BCNSPRNW ULIB Ver.6.0+V

เปลี่ยนเป็นภาษาไทย

Change to English
 แสดงรายละเอียดบรรณานุกรม
  กลับหน้าหลัก

Brief Record : Get Marc (ISO 2709) : E-mail record : QR code < ปิดหน้าต่าง
LEADER : 00000nam 2200000uu 4500
001    13399113878
003     ULIB
008    120110s||||||||th 000 0 tha d
099    วพ.HD30.3^bป713ค
100 0  เปรมฤดี ศรีวิชัย
245 00 ความสัมพันธ์ระหว่างการบริหารงานแบบมีส่วนร่วม วัฒนธรรมองค์การเชิงสร้างสรรค์กับความพึงพอใจในงานตามการรับรู้ของอาจารย์พยาบาล วิทยาลัยพยาบาลบรมราชชนนีภาคเหนือ/^cเปรมฤดี ศรีวิชัย
260    กรุงเทพฯ :^bมหาวิทยาลัยสุโขทัยธรรมาธิราช,^c2551
300    161หน้า :^bตาราง
500    วิทยานิพนธ์
650  7 การบริหาร^xวิจัย
650  7 วัฒนธรรมองค์กร^xวิจัย
710    มหาวิทยาลัยสุโขทัยธรรมาธิราช
945    ^p0^l0^i030938
995    ทศพร
999 ^a ทศพร
รายการนี้ยังไม่มีแท็ก
คุณยังไม่ได้ล็อกอิน คุณสามารถมีกิจกรรมร่วมกับเว็บไซต์ได้ แต่ต้องล็อกอินก่อน ::
  ล็อกอิน

รายการสื่อสารสนเทศ

ลำดับที่ ประเภท เลขเรียก/บาร์โค้ด สถานที่ สถานะ
1. วิทยานิพนธ์
วิทยานิพนธ์
วพ.HD30.3 ป713ค ฉ.1 
  Barcode: 030938
ห้องสมุดวิทยาเขตสวรรค์ประชารักษ์
►วิจัย
บนชั้น

รายการใกล้เคียง
    ผู้แต่ง [เปรมฤดี ศรีวิชัย]

BibComment


ยังไม่เคยถูกคอมเมนท์

คอมเมนท์ทรัพยากรรายการนี้
  คอมเมนท์: ความสัมพันธ์ระหว่..


 Copyright 2026. Bcnsprnw @Library